Ideen zu einer kritischen; theorie der gedellschaft

Guardado en:
Bibliografiske detaljer
Hovedforfatter: Marcuse, Herbert
Format: Bog
Sprog:Undetermined
Udgivet: Frankfurt, Alemania Suhrkamp 1970
Fag:
Tags: Tilføj Tag
Ingen Tags, Vær først til at tagge denne postø!

MARC

LEADER 00000nam a2200000Ia 4500
008 170316s9999 xx 000 0 und d
090 |a 100 M-12i 
100 |a Marcuse, Herbert 
245 |a Ideen zu einer kritischen; theorie der gedellschaft 
260 |a Frankfurt, Alemania 
260 |b Suhrkamp 
260 |c 1970 
300 |a 191 páginas 
650 |a FILOSOFÍA 
999 |c 16901  |d 16901 
040 |a cru BVZT 
942 |c 15 D  |h 100 M-12i  |2 z